[Event "First Saturday09 July GM"]
[Site "Budapest"]
[Date "2009.07.11"]
[Round "8"]
[White "Farago, Ivan"]
[Black "Bertholee, Rob"]
[Result "1-0"]
[WhiteElo "2511"]
[BlackElo "2368"]
[PlyCount "85"]
[EventDate "2009.07.04"]

1. d4 Nf6 2. c4 a6 3. Nc3 c5 4. dxc5 Qa5 5. e4 e5 6. Qa4 Qxc5 7. Be3 Qb4 8.
O-O-O Nc6 9. Qxb4 Bxb4 10. Nd5 Nxd5 11. cxd5 Nd8 12. Nf3 d6 13. a3 Ba5 14. Nd2
b5 15. b4 Bc7 16. Kb2 f5 17. Rc1 Kd7 18. g3 g6 19. Bh3 Rf8 20. Rc2 Bb7 21. g4
f4 22. g5+ Ke8 23. Rxc7 fxe3 24. Bd7+ Kf7 25. fxe3 Kg8 26. Rf1 Rb8 27. Rxf8+
Kxf8 28. h4 Ba8 29. Bh3 Kg8 30. Nb3 Nb7 31. Be6+ Kh8 32. Bc8 Kg8 33. Kc3 Kh8
34. Na5 Nd8 35. Bxa6 Kg8 36. Bxb5 Nf7 37. Bd7 Bxd5 38. exd5 Rb6 39. Be6 Rc6+
40. Nxc6 e4 41. Rxf7 Kh8 42. Rf8+ Kg7 43. Rg8# 1-0

[Event "First Saturday09 July GM"]
[Site "Budapest"]
[Date "2009.07.11"]
[Round "8"]
[White "Jugelt, Tobias"]
[Black "Antal, Gergely"]
[Result "0-1"]
[WhiteElo "2398"]
[BlackElo "2479"]
[PlyCount "122"]
[EventDate "2009.07.04"]

1. d4 f5 2. g3 Nf6 3. Bg2 g6 4. c4 Bg7 5. Nf3 d6 6. O-O O-O 7. Nc3 Qe8 8. d5
Na6 9. Nd4 Bd7 10. Rb1 c5 11. Ndb5 Qd8 12. b3 Nb4 13. a3 a6 14. axb4 cxb4 15.
Bb2 axb5 16. Nxb5 Bxb5 17. cxb5 Qb6 18. Qd3 Nd7 19. Bxg7 Kxg7 20. Qc4 Qc5 21.
Qh4 Rf7 22. Rbc1 Qxb5 23. Rc4 Nc5 24. Bf3 Ra2 25. Rxb4 Qa5 26. Qc4 Kg8 27. Rb5
Qa6 28. b4 Rb2 29. Qd4 Qxb5 30. Qxb2 Rf8 31. Qd4 Na6 32. Rc1 Qxb4 33. Qxb4 Nxb4
34. Rb1 Na6 35. Rxb7 Kf7 36. Ra7 Nc5 37. h4 Rb8 38. Kg2 Kf6 39. g4 fxg4 40.
Bxg4 Rb4 41. Kh3 Ne4 42. f3 Nc3 43. e4 Rb3 44. Kg2 Rb2+ 45. Kg3 Ne2+ 46. Kf2 h5
47. Bc8 Nf4+ 48. Ke3 Ng2+ 49. Kd4 Rd2+ 50. Kc3 Rf2 51. Kd4 Rxf3 52. Ra8 Nxh4
53. Be6 Rb3 54. Rf8+ Kg5 55. Rf7 Nf3+ 56. Kc4 Ne5+ 57. Kxb3 Nxf7 58. Bxf7 h4
59. Be6 Kf4 60. Kc4 Kg3 61. e5 h3 0-1

[Event "First Saturday09 July GM"]
[Site "Budapest"]
[Date "2009.07.11"]
[Round "8"]
[White "Lorscheid, Gerd"]
[Black "Breder, Dennis"]
[Result "1/2-1/2"]
[WhiteElo "2345"]
[BlackElo "2435"]
[PlyCount "49"]
[EventDate "2009.07.04"]

1. d4 d5 2. c4 c6 3. Nc3 dxc4 4. e4 b5 5. a4 b4 6. Na2 Nf6 7. e5 Nd5 8. Bxc4 e6
9. Nf3 Be7 10. Bd2 a5 11. Nc1 Ba6 12. Qe2 Bxc4 13. Qxc4 Nb6 14. Qc2 Qd5 15. Nb3
N8d7 16. Be3 Nc4 17. O-O Nxe3 18. fxe3 c5 19. Rfc1 O-O 20. Qd3 Rfd8 21. Qc2
Rdc8 22. Nbd2 Nb6 23. Nc4 Nxc4 24. Qxc4 Qxc4 25. Rxc4 1/2-1/2

[Event "First Saturday09 July GM"]
[Site "Budapest"]
[Date "2009.07.11"]
[Round "8"]
[White "Ilincic, Zlatko"]
[Black "Fogarasi, Tibor"]
[Result "1/2-1/2"]
[WhiteElo "2479"]
[BlackElo "2419"]
[PlyCount "37"]
[EventDate "2009.07.04"]

1. e4 Nf6 2. Nc3 d5 3. e5 Nfd7 4. d4 e6 5. f4 c5 6. Nf3 Nc6 7. Be3 cxd4 8. Nxd4
Bc5 9. Qd2 Nxd4 10. Bxd4 Bxd4 11. Qxd4 Qb6 12. O-O-O Qxd4 13. Rxd4 Ke7 14. h4
Nb8 15. Rh3 Nc6 16. Rd1 Bd7 17. Be2 Rac8 18. Rg3 Rhg8 19. h5 1/2-1/2

[Event "First Saturday09 July GM"]
[Site "Budapest"]
[Date "2009.07.12"]
[Round "9"]
[White "Fogarasi, Tibor"]
[Black "Farago, Ivan"]
[Result "1/2-1/2"]
[WhiteElo "2419"]
[BlackElo "2511"]
[PlyCount "44"]
[EventDate "2009.07.04"]

1. e4 c5 2. Nf3 e6 3. d4 cxd4 4. Nxd4 Qb6 5. Nb3 Qc7 6. Bd3 Nf6 7. O-O d6 8. c4
Be7 9. Nc3 O-O 10. Be3 b6 11. a4 Nc6 12. a5 bxa5 13. Nb5 Qb8 14. Nxa5 Nxa5 15.
Rxa5 a6 16. Nd4 Qxb2 17. c5 Bd8 18. Ra1 dxc5 19. Rb1 Qa3 20. Nc6 Bd7 21. Ra1
Qb2 22. Rb1 Qa3 1/2-1/2

[Event "First Saturday09 July GM"]
[Site "Budapest"]
[Date "2009.07.12"]
[Round "9"]
[White "Varga, Zoltan"]
[Black "Ilincic, Zlatko"]
[Result "1/2-1/2"]
[WhiteElo "2473"]
[BlackElo "2479"]
[PlyCount "40"]
[EventDate "2009.07.04"]

1. Nf3 d5 2. d4 Nf6 3. c4 c6 4. e3 Bf5 5. Bd3 Bg6 6. O-O e6 7. Ne5 Nbd7 8. Nxg6
hxg6 9. Nc3 Bd6 10. g3 Qe7 11. e4 dxe4 12. Nxe4 Nxe4 13. Bxe4 O-O 14. Bg2 Rfd8
15. Qb3 Rab8 16. h4 Nf6 17. Bg5 Bc7 18. Rad1 Bb6 19. Bf4 Bc7 20. Bg5 Bb6
1/2-1/2

[Event "First Saturday09 July GM"]
[Site "Budapest"]
[Date "2009.07.12"]
[Round "9"]
[White "Rombaldoni, Denis"]
[Black "Lorscheid, Gerd"]
[Result "0-1"]
[WhiteElo "2465"]
[BlackElo "2345"]
[PlyCount "94"]
[EventDate "2009.07.04"]

1. e4 d6 2. d4 Nf6 3. Bd3 e5 4. d5 c6 5. c4 Qb6 6. Ne2 Na6 7. Nbc3 Nc5 8. O-O
Bd7 9. Bc2 Be7 10. Rb1 a5 11. b3 cxd5 12. exd5 O-O 13. Ng3 g6 14. Bg5 Qd8 15.
a3 Rc8 16. b4 axb4 17. axb4 Na6 18. c5 Ne8 19. Bxe7 Qxe7 20. c6 bxc6 21. dxc6
Bxc6 22. b5 Ba8 23. Na4 Nc5 24. Nb6 Qb7 25. Nxa8 Rxa8 26. Bb3 Nxb3 27. Qxb3 Nc7
28. Rfd1 Rfb8 29. b6 Ne8 30. Rd5 Ra3 31. Qd1 Qc6 32. Rdb5 Rb7 33. Qe2 Nf6 34.
Qb2 Rc3 35. h3 Kg7 36. Qd2 h6 37. R1b2 Rc5 38. R5b4 Nd5 39. Rg4 Nf4 40. Nf5+
Kh7 41. Ne3 Rxb6 42. Rxb6 Qxb6 43. g3 Nxh3+ 44. Kh2 Ng5 45. Rxg5 hxg5 46. Ng4
Qd8 47. Qa2 Kg7 0-1

[Event "First Saturday09 July GM"]
[Site "Budapest"]
[Date "2009.07.12"]
[Round "9"]
[White "Antal, Gergely"]
[Black "Shen, Siyuan"]
[Result "1-0"]
[WhiteElo "2479"]
[BlackElo "2321"]
[PlyCount "71"]
[EventDate "2009.07.04"]

1. e4 c5 2. Nf3 Nc6 3. d4 cxd4 4. Nxd4 Nf6 5. Nc3 e5 6. Ndb5 d6 7. Bg5 a6 8.
Na3 b5 9. Nd5 Be7 10. Bxf6 Bxf6 11. c3 Bb7 12. Nc2 Nb8 13. g3 Nd7 14. Bg2 Nc5
15. O-O O-O 16. Nce3 g6 17. Qc2 Bg7 18. Rad1 Ra7 19. f4 exf4 20. gxf4 Re8 21.
f5 Qg5 22. b4 Bxd5 23. Nxd5 Na4 24. Qf2 Rd7 25. h4 Qd8 26. f6 Bf8 27. h5 Re5
28. hxg6 hxg6 29. Rd3 Rh5 30. Rh3 Rxh3 31. Bxh3 Rb7 32. Qh4 Nb6 33. Nf4 Qe8 34.
Bf5 Nd7 35. Nd5 Ne5 36. Kg2 1-0

[Event "First Saturday09 July GM"]
[Site "Budapest"]
[Date "2009.07.12"]
[Round "9"]
[White "Bertholee, Rob"]
[Black "Jugelt, Tobias"]
[Result "1/2-1/2"]
[WhiteElo "2368"]
[BlackElo "2398"]
[PlyCount "29"]
[EventDate "2009.07.04"]

1. e4 Nf6 2. e5 Nd5 3. c4 Nb6 4. c5 Nd5 5. Nc3 c6 6. Nxd5 cxd5 7. d4 d6 8. cxd6
exd6 9. Nf3 Nc6 10. Be2 dxe5 11. dxe5 Bb4+ 12. Bd2 Qa5 13. O-O Bxd2 14. Nxd2
O-O 15. Nb3 1/2-1/2

[Event "First Saturday09 July GM"]
[Site "Budapest"]
[Date "2009.07.13"]
[Round "10"]
[White "Farago, Ivan"]
[Black "Jugelt, Tobias"]
[Result "1/2-1/2"]
[WhiteElo "2511"]
[BlackElo "2398"]
[PlyCount "39"]
[EventDate "2009.07.04"]

1. d4 d5 2. c4 c6 3. Nf3 Nf6 4. Nc3 g6 5. e3 Bg7 6. Qb3 e6 7. Bd2 O-O 8. Bd3
Nbd7 9. O-O Re8 10. Rfd1 Qb6 11. Qc2 e5 12. cxd5 Nxd5 13. Na4 Qd8 14. e4 N5b6
15. Bg5 Bf6 16. Bxf6 Qxf6 17. dxe5 Nxe5 18. Nxe5 Qxe5 19. Nc5 Nd7 20. Nxd7
1/2-1/2

[Event "First Saturday09 July GM"]
[Site "Budapest"]
[Date "2009.07.13"]
[Round "10"]
[White "Flumbort, Andras"]
[Black "Rombaldoni, Denis"]
[Result "0-1"]
[WhiteElo "2507"]
[BlackElo "2465"]
[PlyCount "62"]
[EventDate "2009.07.04"]

1. d4 Nf6 2. c4 e6 3. Nf3 b6 4. g3 Ba6 5. b3 Bb7 6. Bg2 Bb4+ 7. Bd2 a5 8. O-O
O-O 9. Qc2 d6 10. Bc3 c5 11. a3 Bxc3 12. Nxc3 cxd4 13. Nxd4 Bxg2 14. Kxg2 d5
15. cxd5 Nxd5 16. Rfd1 Nxc3 17. Nxe6 Qe8 18. Nxf8 Nxd1 19. Qxh7+ Kxf8 20. Rxd1
Qc6+ 21. Kg1 Na6 22. Qh8+ Ke7 23. Qxg7 Nc5 24. Qg5+ Kf8 25. Qh4 Re8 26. b4 axb4
27. axb4 Nd7 28. b5 Qxb5 29. Qh6+ Kg8 30. Rd4 Re4 31. Rd2 Rxe2 0-1

[Event "First Saturday09 July GM"]
[Site "Budapest"]
[Date "2009.07.13"]
[Round "10"]
[White "Ilincic, Zlatko"]
[Black "Breder, Dennis"]
[Result "0-1"]
[WhiteElo "2479"]
[BlackElo "2435"]
[PlyCount "138"]
[EventDate "2009.07.04"]

1. d4 d5 2. c4 c6 3. Nf3 Nf6 4. e3 Bg4 5. h3 Bh5 6. cxd5 cxd5 7. Qb3 Qc7 8. Nc3
e6 9. Ne5 Nc6 10. Bd2 Nd7 11. Rc1 Ndxe5 12. dxe5 Be7 13. Nb5 Qb6 14. Bc3 Rc8
15. Be2 Bxe2 16. Kxe2 O-O 17. Bd4 Qa5 18. a4 Rfd8 19. Rc2 a6 20. Na3 Bxa3 21.
bxa3 b5 22. Rhc1 Nxd4+ 23. exd4 Rc4 24. axb5 axb5 25. Rd1 Rxc2+ 26. Qxc2 Qxa3
27. Qc7 Qa2+ 28. Ke3 Ra8 29. Rd3 h6 30. Qb7 Qa1 31. Kf3 Ra2 32. Kg3 Qb1 33. Rf3
Qg6+ 34. Kh2 Rd2 35. Qxb5 Rxd4 36. Qe8+ Kh7 37. Rxf7 Re4 38. Re7 Qxe8 39. Rxe8
Rxe5 40. g4 Kg6 41. Kg3 Kf6 42. h4 Re1 43. f3 Ra1 44. Rf8+ Ke7 45. Rg8 Kf7 46.
Rd8 Ra7 47. Kf4 Ke7 48. Rb8 Kf6 49. g5+ hxg5+ 50. hxg5+ Kg6 51. Rb6 Rf7+ 52.
Kg4 Re7 53. f4 Kf7 54. f5 exf5+ 55. Kxf5 Rd7 56. g6+ Ke7 57. Re6+ Kd8 58. Re1
d4 59. Ra1 Ke7 60. Re1+ Kd8 61. Ra1 d3 62. Ke4 d2 63. Rd1 Ke7 64. Ke3 Kf6 65.
Ke2 Kxg6 66. Rg1+ Kf5 67. Rf1+ Ke4 68. Kd1 g5 69. Rg1 Rd5 0-1

[Event "First Saturday09 July GM"]
[Site "Budapest"]
[Date "2009.07.14"]
[Round "11"]
[White "Varga, Zoltan"]
[Black "Farago, Ivan"]
[Result "1/2-1/2"]
[WhiteElo "2473"]
[BlackElo "2511"]
[PlyCount "31"]
[EventDate "2009.07.04"]

1. d4 Nf6 2. c4 e6 3. Nf3 d5 4. Nc3 Be7 5. Bg5 O-O 6. e3 h6 7. Bxf6 Bxf6 8. Qb3
c6 9. cxd5 exd5 10. Be2 Nd7 11. O-O Re8 12. Rfe1 Nf8 13. h3 Qb6 14. Qc2 Bd7 15.
Rac1 Rac8 16. Bd3 1/2-1/2

[Event "First Saturday09 July GM"]
[Site "Budapest"]
[Date "2009.07.14"]
[Round "11"]
[White "Breder, Dennis"]
[Black "Fogarasi, Tibor"]
[Result "1/2-1/2"]
[WhiteElo "2435"]
[BlackElo "2419"]
[PlyCount "41"]
[EventDate "2009.07.04"]

1. e4 c5 2. Nf3 e6 3. c3 d5 4. exd5 Qxd5 5. d4 Nf6 6. Na3 a6 7. Nc4 Nbd7 8. Be2
cxd4 9. Nxd4 Qc5 10. O-O Be7 11. Re1 O-O 12. Bf4 Nd5 13. Bg3 N7f6 14. Qc2 Bd7
15. Ne5 Rfd8 16. Bf3 Be8 17. Rad1 Rac8 18. Qe2 b5 19. h4 h6 20. h5 Qa7 21. a3
1/2-1/2

[Event "First Saturday09 July GM"]
[Site "Budapest"]
[Date "2009.07.14"]
[Round "11"]
[White "Rombaldoni, Denis"]
[Black "Ilincic, Zlatko"]
[Result "0-1"]
[WhiteElo "2465"]
[BlackElo "2479"]
[PlyCount "68"]
[EventDate "2009.07.04"]

1. e4 c5 2. Nf3 d6 3. d4 cxd4 4. Nxd4 Nf6 5. Nc3 a6 6. h3 h5 7. Be3 e6 8. Qd2
b5 9. Bd3 Bb7 10. e5 Nd5 11. Nxd5 Bxd5 12. exd6 Bxd6 13. O-O Nd7 14. Rae1 O-O
15. Bg5 Be7 16. Bxe7 Qxe7 17. Re3 Nc5 18. Be2 Rfd8 19. Qc3 Na4 20. Qe1 Nxb2 21.
Qa1 Nc4 22. Bxc4 bxc4 23. Nf5 Qf6 24. Qxf6 gxf6 25. Ng3 h4 26. Nh5 f5 27. Rd1
Bc6 28. Rxd8+ Rxd8 29. Rc3 Rd4 30. Kf1 Kh7 31. g3 e5 32. gxh4 Kg6 33. Ng3 f4
34. h5+ Kf6 0-1

[Event "First Saturday09 July GM"]
[Site "Budapest"]
[Date "2009.07.14"]
[Round "11"]
[White "Antal, Gergely"]
[Black "Flumbort, Andras"]
[Result "1/2-1/2"]
[WhiteElo "2479"]
[BlackElo "2507"]
[PlyCount "23"]
[EventDate "2009.07.04"]

1. e4 c5 2. Nf3 d6 3. Bb5+ Nd7 4. d4 Ngf6 5. Nc3 cxd4 6. Qxd4 e5 7. Qd3 h6 8.
Nd2 Be7 9. Nc4 O-O 10. Bxd7 Bxd7 11. Ne3 Be6 12. O-O 1/2-1/2

[Event "First Saturday09 July GM"]
[Site "Budapest"]
[Date "2009.07.14"]
[Round "11"]
[White "Bertholee, Rob"]
[Black "Lorscheid, Gerd"]
[Result "0-1"]
[WhiteElo "2368"]
[BlackElo "2345"]
[PlyCount "92"]
[EventDate "2009.07.04"]

1. e4 d6 2. d4 g6 3. Nf3 Bg7 4. Be2 Nd7 5. O-O c6 6. a4 Qc7 7. Be3 Ngf6 8. Nfd2
e5 9. dxe5 Nxe5 10. h3 O-O 11. Nc3 Re8 12. Re1 b6 13. f4 Ned7 14. Bf3 Bb7 15.
a5 Rad8 16. axb6 axb6 17. Ra7 Qb8 18. Qa1 Nc5 19. Bd4 Nfxe4 20. Bxg7 Nxd2 21.
Rxe8+ Rxe8 22. Bh6 Nxf3+ 23. gxf3 d5 24. b4 Ne6 25. Ne2 c5 26. f5 Nd4 27. Nxd4
Qg3+ 28. Kf1 Qxh3+ 29. Kg1 cxd4 30. Rxb7 Qg3+ 31. Kf1 Qxf3+ 32. Kg1 Qg3+ 33.
Kf1 Qh3+ 34. Kf2 Qh2+ 35. Kf3 Qxh6 36. Qxd4 Qh5+ 37. Kg3 Qg5+ 38. Kf3 Qxf5+ 39.
Kg3 h5 40. Rxb6 h4+ 41. Kxh4 Re4+ 42. Kg3 Rxd4 43. Rb8+ Kg7 44. Rg8+ Kxg8 45.
b5 Rg4+ 46. Kh3 Qh5# 0-1